Environment and sustainable development / (Record no. 19684)

MARC details
000 -LEADER
fixed length control field 01008cam a22003014a 4500
001 - CONTROL NUMBER
control field 14983018
003 - CONTROL NUMBER IDENTIFIER
control field OSt
005 - DATE AND TIME OF LATEST TRANSACTION
control field 20211123104106.0
008 - FIXED-LENGTH DATA ELEMENTS--GENERAL INFORMATION
fixed length control field 070720s2007 ii ab b 001 0 eng
010 ## - LIBRARY OF CONGRESS CONTROL NUMBER
LC control number 2007342564
020 ## - INTERNATIONAL STANDARD BOOK NUMBER
International Standard Book Number 818387083X (set)
025 ## - OVERSEAS ACQUISITION NUMBER
Overseas acquisition number I-E-2007-342564; 49-90
037 ## - SOURCE OF ACQUISITION
Source of stock number/acquisition Library of Congress -- New Delhi Overseas Office
Terms of availability Rs2995.00 (set)
040 ## - CATALOGING SOURCE
Original cataloging agency DLC
Transcribing agency HU
042 ## - AUTHENTICATION CODE
Authentication code lcode
043 ## - GEOGRAPHIC AREA CODE
Geographic area code a-ii---
050 00 - LIBRARY OF CONGRESS CALL NUMBER
Classification number HC440.E5
Item number E48 2007
245 00 - TITLE STATEMENT
Title Environment and sustainable development /
Statement of responsibility, etc. [editor] K.A. Rasure.
260 ## - PUBLICATION, DISTRIBUTION, ETC.
Place of publication, distribution, etc. New Delhi :
Name of publisher, distributor, etc. Serials Publications,
Date of publication, distribution, etc. 2007.
300 ## - PHYSICAL DESCRIPTION
Extent 3 v. :
Other physical details ill., map ;
Dimensions 25 cm.
504 ## - BIBLIOGRAPHY, ETC. NOTE
Bibliography, etc. note Includes bibliographical references and indexes.
520 ## - SUMMARY, ETC.
Summary, etc. Contributed articles, with special reference to India.
650 #0 - SUBJECT ADDED ENTRY--TOPICAL TERM
Topical term or geographic name entry element Sustainable development
Geographic subdivision India.
9 (RLIN) 20023
700 1# - ADDED ENTRY--PERSONAL NAME
Personal name Rasure, K. A.,
Dates associated with a name 1957-
9 (RLIN) 20024
906 ## - LOCAL DATA ELEMENT F, LDF (RLIN)
a 7
b cbc
c origode
d 3
e ncip
f 20
g y-gencatlg
942 ## - ADDED ENTRY ELEMENTS (KOHA)
Source of classification or shelving scheme Dewey Decimal Classification
Koha item type Books like text book referance book
Suppress in OPAC No
Holdings
Withdrawn status Lost status Source of classification or shelving scheme Damaged status Not for loan Home library Current library Shelving location Date acquired Total Checkouts Full call number Barcode Date last seen Copy number Price effective from Koha item type
    Dewey Decimal Classification     Social Library Social Library General Stacks 11/23/2021   363.70320 SHLIB 00003118 11/23/2021 1 11/23/2021 Books like text book referance book
    Dewey Decimal Classification     Social Library Social Library General Stacks 11/23/2021   363.7/70320RAS SHLIB 00003119 11/23/2021 1 11/23/2021 Books like text book referance book
    Dewey Decimal Classification     Social Library Social Library General Stacks 11/23/2021   363.70320/RAS SHLIB 00003117 11/23/2021 1 11/23/2021 Books like text book referance book